| 000 | 00912pab a2200157 454500 | ||
|---|---|---|---|
| 008 | 180718b2001 xxu||||| |||| 00| 0 eng d | ||
| 100 | _aKeating, Michael | ||
| 245 | _aCan government cope? | ||
| 260 | _c2001 | ||
| 300 | _ap.98-103 | ||
| 362 | _aSep | ||
| 520 | _aThis article was originally presented as a paper to the National Conference of the Institute of Public Administration Australia on 1 December 2000. It considers why governments have adopted a more market-oriented approach to governance, concluding that this change in means has generally helped them to achieve their preferred courses of action. However, the principal threats to government capacity are political not technical, and the article also discusses the limitations of market-based policies in this respect. - Reproduced | ||
| 650 | _aPublic administration | ||
| 773 | _aAustralian Journal of Public Administration | ||
| 909 | _a50180 | ||
| 999 |
_c50180 _d50180 |
||